| 000 -ლიდერი |
| ფიქსირებული სიგრძის საკონტროლო ველი |
01537nam a2200277Ia 4500 |
| 001 - საკონტროლო ნომერი |
| საკონტროლო ველი |
17266 |
| 003 - საკონტროლო ნომრის იდენტიფიკატორი |
| საკონტროლო ველი |
GE_BSU |
| 005 - ბოლო ოპერაციის თარიღი და დრო |
| საკონტროლო ველი |
20221007112450.0 |
| 008 - ფიქსირებული სიგრძის მონაცემთა ელემენტები - ზოგადი ინფორმაცია |
| ფიქსირებული სიგრძის საკონტროლო ველი |
181216s212 xx |||||||||||||| ||geo|| |
| 020 ## - წიგნის საერთაშორისო სტანდარტული ნომერი |
| International Standard Book Number |
9789941436574 |
| 040 ## - კატალოგიზაციის წყარო |
| Transcribing agency |
GE_BSU |
| 041 ## - ენის კოდი |
| Language code of text/sound track or separate title |
geo |
| 080 ## - უნივერსალური ათობითი კლასიფიკაციის ინდექსი |
| Universal Decimal Classification number |
1(479.22) ი-35 |
| 100 ## - მთავარი ჩანაწერი - პიროვნების სახელი |
| Personal name |
იეკი, უდო რაინჰოლდ. |
| 9 (RLIN) |
6925 |
| 245 ## - ცნობა სათაურის შესახებ |
| Title |
Erlauterungen zur georgischen Philosophie = განაზრებანი ქართული ფილოსოფიის შესახებ / |
| Statement of responsibility, etc |
უდო რაინჰოლდ იეკი ; გერმ. თარგმნა ლალი ზაქარაძემ ; რედ. გურამ თევზაძე |
| 250 ## - გამოცემის ცნობა |
| Edition statement |
მე-2 გამოცემა |
| 264 ## - წარმოების, გამოცემის, დისტრიბუციის და სხვა ცნობები |
| გამოცემის, წარმოების, დისტრიბუციის... ადგილი |
თბილისი : |
| გამოცემის, წარმოების, დისტრიბუციის... სახელწოდება |
ნეკერი, |
| გამოცემის, წარმოების, დისტრიბუციის... თარიღი |
2012. |
| 300 ## - ფიზიკური აღწერა |
| Extent |
90 გვ. ; |
| Dimensions |
14 სმ. |
| 501 ## - შენიშვნა თანმხლებ მასალაზე |
| With note |
ტექსტი, თავფურ., ყდა გერმ. და ქართ.სახელთა საძიებელი: გვ. 82-85. |
| 653 ## - INDEX TERM--UNCONTROLLED |
| Uncontrolled term |
ფილოსოფია. |
| 653 ## - INDEX TERM--UNCONTROLLED |
| Uncontrolled term |
ქართული ფილოსოფია |
| 700 ## - ADDED ENTRY--PERSONAL NAME |
| Personal name |
ზაქარაძე, ლალი |
| Relator term |
მთარგმნელი |
| 9 (RLIN) |
6926 |
| 700 ## - ADDED ENTRY--PERSONAL NAME |
| Personal name |
თევზაძე, გურამ |
| Relator term |
რედაქტორი |
| 9 (RLIN) |
6927 |
| 710 ## - ADDED ENTRY--CORPORATE NAME |
| Relator term |
გრიგოლ რობაქიძის სახ. უნ-ტი, ფილოს. და სოციალ. მეცნ. კვლევ. ინ-ტი |
| 9 (RLIN) |
6937 |
| 942 ## - ADDED ENTRY ELEMENTS (KOHA) |
| Koha item type |
წიგნი |
| Source of classification or shelving scheme |
|